[Event "05.OIBayEM Bad Wiessee op"]
[Site "?"]
[Date "2001.10.27"]
[Round "1"]
[White "Graul Matthias"]
[Black "Baklan Vladimir"]
[Result "0-1"]
[WhiteElo "2076"]
[BlackElo "2590"]
[PlyCount "56"]
[EventDate "2001.??.??"]
[Source "www.chesslib.no"]
[SourceDate "2004.05.04"]

1. b3 c5 2. Bb2 Nc6 3. e3 e5 4. Bb5 Nge7 5. Ne2 g6 6. O-O Bg7 7. d4 exd4 8. exd4 O-O 9. c3 d6 10. dxc5 dxc5 11. Ng3 Ne5 12. Nd2 Nf5 13. Nde4 Nxg3 14. Nxg3 Qh4 15. Be2 Bg4 16. Qc2 Bxe2 17. Nxe2 c4 18. Rad1 Nd3 19. Ba3 Rfd8 20. Ng3 b5 21. Bc1 Rac8 22. b4 Re8 23. Be3 a6 24. Ne2 f5 25. Nd4 Qe4 26. g3 h5 27. Rd2 h4 28. Qd1 h3 0-1

[Event "6th Leg Russian Cup, Tomsk RUS"]
[Site "?"]
[Date "2001.??.??"]
[Round "9"]
[White "Osipov, V."]
[Black "Chigvintsev, A."]
[Result "1-0"]
[WhiteElo "2285"]
[BlackElo "2380"]
[PlyCount "159"]
[EventDate "2001.??.??"]
[Source "www.chesslib.no"]
[SourceDate "2004.05.04"]

1. b3 c5 2. Bb2 Nc6 3. e3 e6 4. Nf3 Nf6 5. d4 cxd4 6. exd4 Qa5+ 7. c3 d5 8. Bd3 Bd7 9. O-O Bd6 10. Re1 O-O 11. a3 Rac8 12. Nbd2 Qc7 13. c4 g6 14. c5 Bf4 15. b4 a6 16. Bc3 Rfe8 17. g3 e5 18. dxe5 Bxe5 19. Nxe5 Nxe5 20. Nf3 Nxd3 21. Qxd3 Ne4 22. Bb2 Qc6 23. Nd2 f6 24. f3 Ng5 25. Nb3 Qb5 26. Qxb5 Bxb5 27. Nd4 Bc4 28. Bc3 Re5 29. h4 Nf7 30. Ne6 Rxe1+ 31. Rxe1 Re8 32. Nd4 Re5 33. Ne6 Rxe1+ 34. Bxe1 Bb5 35. Bc3 Ne5 36. Kf2 Nc4 37. Nf4 Bc6 38. Bxf6 Nxa3 39. Ne2 Kf7 40. Bh8 Nc2 41. Bc3 Bd7 42. Nd4 Na3 43. Ke3 Nc4+ 44. Kf4 h6 45. g4 Ba4 46. Ne2 Na3 47. Nd4 Nc4 48. Ne2 b6 49. cxb6 Nxb6 50. Nd4 Nc4 51. Ne2 Bc6 52. Nd4 Bb7 53. Ne2 Nb6 54. Nd4 Ke7 55. h5 g5+ 56. Kg3 Bc8 57. f4 gxf4+ 58. Kxf4 Nc4 59. Nf3 Nd6 60. Bg7 Nf7 61. Nd4 Bd7 62. Nf5+ Bxf5 63. Kxf5 Nd6+ 64. Kg6 Nf7 65. Bb2 Ke6 66. Bg7 Ke7 67. Kf5 Nd6+ 68. Ke5 Nc4+ 69. Kd4 Ke6 70. Bxh6 a5 71. b5 a4 72. Bg7 a3 73. Kc3 Kf7 74. h6 Kg6 75. Kb3 Kh7 76. g5 Kg6 77. Bd4 Kh7 78. b6 Kg6 79. Ka2 Nd6 80. Be5 1-0

[Event "Bohemians"]
[Site "Prague CZE"]
[Date "1991.??.??"]
[Round "12"]
[White "Walti, Rolf"]
[Black "Danner, Georg"]
[Result "0-1"]
[WhiteElo "2300"]
[BlackElo "2360"]
[PlyCount "76"]
[EventDate "1991.??.??"]
[Source "www.chesslib.no"]
[SourceDate "2004.05.04"]

1. b3 c5 2. e3 e5 3. Bb2 d6 4. c4 Nc6 5. Nf3 g6 6. d4 exd4 7. exd4 Bg7 8. Be2 Nge7 9. Qd2 O-O 10. d5 Nb8 11. Bxg7 Kxg7 12. Qc3+ f6 13. Nbd2 Nd7 14. h4 Ne5 15. h5 Nf5 16. O-O-O Bd7 17. Bd3 a6 18. hxg6 hxg6 19. Nh4 Nxh4 20. Rxh4 Rh8 21. Rdh1 Rxh4 22. Rxh4 Qe7 23. Bc2 Rh8 24. Rxh8 Kxh8 25. Qe3 Qf8 26. Qf4 Kg7 27. Nf3 Qe7 28. Qg3 Ng4 29. Kd2 f5 30. Ne1 Qf6 31. Nd3 g5 32. f4 b5 33. fxg5 Qxg5+ 34. Nf4 Kf6 35. Bd3 Qh6 36. Ke2 bxc4 37. Bxc4 a5 38. Nd3 Ne3 0-1

[Event "It (Open) Litomysl CZE"]
[Site "?"]
[Date "2005.01.02"]
[Round "9"]
[White "Sabol Marian"]
[Black "Vyskocil Neklan"]
[Result "1/2-1/2"]
[WhiteElo "2358"]
[BlackElo "2300"]
[PlyCount "58"]
[EventDate "2005.??.??"]
[Source "www.chesslib.no"]
[SourceDate "2004.05.04"]

1. b3 c5 2. Bb2 Nc6 3. g3 d5 4. Bg2 e6 5. f4 Qc7 6. Nf3 b6 7. e3 Bb7 8. O-O Nf6 9. c4 O-O-O 10. Na3 a6 11. Qe2 d4 12. exd4 cxd4 13. d3 Bxa3 14. Bxa3 Ng4 15. Bc1 h5 16. Bd2 Ne7 17. h3 Ne3 18. Bxe3 dxe3 19. c5 bxc5 20. Qxe3 Nf5 21. Qf2 h4 22. g4 Ng3 23. Rfc1 Qxf4 24. Rc4 Qd6 25. Ne5 Bxg2 26. Nxf7 Qxd3 27. Kxg2 Ne4 28. Qe1 Rhe8 29. Qxe4 Qg3+ 1/2-1/2

[Event "Golden Cleopatra op 3rd"]
[Site "Cairo"]
[Date "1999.04.14"]
[Round "4"]
[White "Elgabry, Mohsen"]
[Black "Hamed, Ahmed"]
[Result "1-0"]
[WhiteElo "2296"]
[BlackElo "2349"]
[PlyCount "75"]
[EventDate "1999.04.11"]
[Source "ChessBase"]
[SourceDate "1999.05.10"]

1. b3 c5 2. Bb2 Nc6 3. e3 e6 4. Nf3 Nf6 5. d4 cxd4 6. exd4 Be7 7. a3 d5 8. Bd3 Ne4 9. c4 O-O 10. O-O f5 11. c5 Bd7 12. b4 Bf6 13. Ne5 Be8 14. f3 Ng5 15. Nd2 f4 16. Qc2 g6 17. Rfe1 Nxe5 18. dxe5 Bg7 19. Bd4 Nf7 20. b5 Nh6 21. Nb3 Nf5 22. Bxf5 Rxf5 23. a4 Rc8 24. Qe2 Rh5 25. Rac1 Rf5 26. Qd2 Rf7 27. Rc2 a6 28. Qe2 axb5 29. axb5 Ra8 30. Ra1 Rf8 31. Rxa8 Qxa8 32. c6 bxc6 33. Ra2 Qb8 34. b6 Rf7 35. Qb2 Rf5 36. Nc5 Bxe5 37. b7 Bxd4+ 38. Qxd4 1-0

[Event "Ch Pfalz"]
[Site "?"]
[Date "1999.??.??"]
[Round "3"]
[White "Ivanov Alexander"]
[Black "Nadj Christian"]
[Result "0-1"]
[WhiteElo "2515"]
[BlackElo "2127"]
[PlyCount "80"]
[EventDate "1999.??.??"]
[Source "www.chesslib.no"]
[SourceDate "2004.05.04"]

1. b3 c5 2. Bb2 e6 3. g3 Nf6 4. c4 Be7 5. Bg2 Qc7 6. Nf3 b6 7. Nd4 Bb7 8. Nb5 Qc8 9. e4 a6 10. Bxf6 gxf6 11. N5c3 Nc6 12. Ne2 Nd4 13. Nbc3 f5 14. O-O h5 15. h4 fxe4 16. Nxd4 cxd4 17. Nxe4 f5 18. Ng5 Bxg5 19. hxg5 h4 20. Qe2 Bxg2 21. Qe5 Rh5 22. Kxg2 Qc6+ 23. f3 O-O-O 24. gxh4 Rxh4 25. Rh1 Rg4+ 26. Kf2 Rxg5 27. Rh8 Rgg8 28. Rxg8 Rxg8 29. Qxd4 Qc7 30. Ke3 Qh2 31. Qxb6 Qe5+ 32. Kd3 Qxa1 33. Qxa6+ Kc7 34. Qa7+ Kd6 35. Qa3+ Ke5 36. Qc5+ Kf6 37. Qe3 Rg6 38. f4 Qb1+ 39. Kc3 Qe4 40. Qf2 Rg4 0-1

[Event "Baden Casino op "]
[Site "?"]
[Date "2000.??.??"]
[Round "5"]
[White "Foisor Ovidiu"]
[Black "Loetscher Roland"]
[Result "1/2-1/2"]
[WhiteElo "2424"]
[BlackElo "2218"]
[PlyCount "69"]
[EventDate "2000.??.??"]
[Source "www.chesslib.no"]
[SourceDate "2004.05.04"]

1. b3 c5 2. Bb2 b6 3. c4 Bb7 4. d4 cxd4 5. Qxd4 Nf6 6. Nc3 g6 7. Nh3 Bg7 8. Nf4 Nh5 9. Qd2 Nxf4 10. Qxf4 d6 11. Qd2 O-O 12. e4 Nd7 13. Bd3 a6 14. O-O Rc8 15. Rac1 Re8 16. Rce1 Qc7 17. Nd5 Qb8 18. Bxg7 Kxg7 19. Re3 e6 20. Nc3 h6 21. Rh3 Rh8 22. Qb2 Kg8 23. Rd1 Rd8 24. Bb1 h5 25. Qd2 Ne5 26. f4 Ng4 27. e5 Qc7 28. exd6 Qc5+ 29. Qd4 Rxd6 30. Qxc5 Rxd1+ 31. Nxd1 bxc5 32. Rd3 Nf6 33. Nc3 Kg7 34. Rd6 Rc8 35. g3 1/2-1/2

[Event "JUG Ch sf"]
[Site "Kladovo"]
[Date "1994.??.??"]
[Round "?"]
[White "Milunovic, Toni"]
[Black "Rajkovic, Ljubisa"]
[Result "1/2-1/2"]
[WhiteElo "2345"]
[BlackElo "2295"]
[PlyCount "22"]
[EventDate "1994.??.??"]
[Source "www.chesslib.no"]
[SourceDate "2004.05.04"]

1. b3 c5 2. Bb2 b6 3. Nf3 Bb7 4. e3 e6 5. Be2 Nf6 6. O-O Be7 7. c4 O-O 8. Nc3 d5 9. cxd5 Nxd5 10. Nxd5 Bxd5 11. d4 Nd7 1/2-1/2

[Event "It (Open) Mont de Marsan FRA"]
[Site "?"]
[Date "2005.12.29"]
[Round "7"]
[White "Chaplin Erik"]
[Black "Georgiev Krum"]
[Result "0-1"]
[WhiteElo "2172"]
[BlackElo "2464"]
[PlyCount "52"]
[EventDate "2005.??.??"]
[Source "www.chesslib.no"]
[SourceDate "2004.05.04"]

1. b3 c5 2. Bb2 Nc6 3. e3 e6 4. f4 a6 5. Nf3 d5 6. g3 f6 7. Nh4 Nh6 8. Bg2 Be7 9. O-O O-O 10. d3 f5 11. Qe1 Nf7 12. Nf3 Qd6 13. Nbd2 b5 14. a3 Bb7 15. d4 Rac8 16. dxc5 Qxc5 17. Nd4 Nxd4 18. Bxd4 Qxc2 19. Rf2 Qc7 20. Bf1 Bd6 21. Bd3 g6 22. g4 e5 23. Bb2 Nh6 24. h3 fxg4 25. hxg4 Nxg4 26. Rg2 Nxe3 0-1

[Event "ISL Team Ch"]
[Site "Island"]
[Date "1995.??.??"]
[Round "?"]
[White "Gislason, Gudmundur"]
[Black "Gretarsson, Andri Ass"]
[Result "1-0"]
[WhiteElo "2305"]
[BlackElo "2330"]
[PlyCount "61"]
[EventDate "1995.??.??"]
[Source "www.chesslib.no"]
[SourceDate "2004.05.04"]

1. b3 c5 2. Bb2 Nc6 3. g3 d5 4. Bg2 e5 5. e3 Nf6 6. Ne2 Be7 7. O-O O-O 8. d4 exd4 9. exd4 Bg4 10. dxc5 Bxc5 11. h3 Bh5 12. Nbc3 Ne4 13. g4 Bg6 14. Nxd5 Qh4 15. Qe1 Rae8 16. b4 Ng3 17. bxc5 Nxe2+ 18. Kh2 f5 19. f4 Qd8 20. Rd1 Ned4 21. Qc3 Ne6 22. Rfe1 Qa5 23. Qg3 Qxa2 24. Ba1 fxg4 25. hxg4 Qxc2 26. f5 Ng5 27. Ne3 Qa2 28. fxg6 Rf3 29. Nf5 Rxe1 30. Qb8+ Nxb8 31. Rd8+ 1-0

[Event "It (open)"]
[Site "Dortmund (Germany)"]
[Date "2007.06.27"]
[Round "5"]
[White "Heinzel Olaf (GER)"]
[Black "Piepho Niels (GER)"]
[Result "1/2-1/2"]
[WhiteElo "2403"]
[BlackElo "2231"]
[PlyCount "88"]
[EventDate "2007.??.??"]
[Source "www.chesslib.no"]
[SourceDate "2004.05.04"]

1. b3 c5 2. Bb2 Nc6 3. f4 e6 4. Nf3 Nf6 5. e3 a6 6. Be2 Be7 7. O-O O-O 8. Ne5 Qc7 9. Bf3 d5 10. c4 Rd8 11. Qe2 Bd7 12. d3 Be8 13. Nd2 b5 14. Rac1 Rab8 15. Ba1 Qa5 16. Bc3 Qc7 17. Rfd1 bxc4 18. dxc4 Nb4 19. Bxb4 Rxb4 20. cxd5 Nxd5 21. Ndc4 a5 22. Nd3 Rbb8 23. Ncb2 Bb5 24. Qe1 Qa7 25. Nc4 a4 26. e4 Nb6 27. Nde5 axb3 28. axb3 f6 29. Nd3 Bxc4 30. bxc4 Rd4 31. Nf2 Rbd8 32. Rxd4 Rxd4 33. Be2 Qc7 34. g3 g5 35. fxg5 fxg5 36. Bf1 Nd7 37. Qe2 Ne5 38. Qh5 Rd2 39. Rd1 Rxd1 40. Qxd1 Nc6 41. Bh3 Nd4 42. Bg4 Qa5 43. Qb1 Qb4 44. Qa2 Qb7 1/2-1/2

[Event "Hamburg GER, Open A 2005"]
[Site "?"]
[Date "2005.10.02"]
[Round "2"]
[White "Knaak Michael"]
[Black "Miroshnichenko Evgenij"]
[Result "0-1"]
[WhiteElo "1998"]
[BlackElo "2634"]
[PlyCount "46"]
[EventDate "2005.??.??"]
[Source "www.chesslib.no"]
[SourceDate "2004.05.04"]

1. b3 c5 2. Bb2 Nc6 3. Nf3 Nf6 4. e3 g6 5. d4 cxd4 6. exd4 Bg7 7. g3 O-O 8. Bg2 d5 9. O-O Bg4 10. h3 Bxf3 11. Bxf3 Ne4 12. c3 e6 13. Bxe4 dxe4 14. Nd2 f5 15. f4 b5 16. Qe2 b4 17. Qc4 Qd5 18. cxb4 Nxd4 19. Rad1 Rfc8 20. Qxd5 exd5 21. Nc4 Ne2+ 22. Kf2 Bxb2 23. Nxb2 Rc2 0-1

[Event "IV Veterans"]
[Site "Calvia ESP"]
[Date "2007.10.18"]
[Round "4"]
[White "Gonzalez Rodriguez, JA."]
[Black "Zoltek, T."]
[Result "1-0"]
[WhiteElo "2405"]
[BlackElo "2223"]
[PlyCount "59"]
[EventDate "2007.10.15"]
[Source "www.chesslib.no"]
[SourceDate "2004.05.04"]

1. b3 c5 2. Bb2 Nc6 3. e3 e6 4. Nf3 Nf6 5. d4 b6 6. dxc5 Bxc5 7. a3 O-O 8. b4 Be7 9. c4 Bb7 10. Nc3 Rc8 11. Be2 d5 12. cxd5 exd5 13. O-O a6 14. Qd3 a5 15. b5 Nb8 16. Nd4 Nbd7 17. Na4 Ne5 18. Qb3 Nc4 19. Bc3 Ne4 20. Rfd1 Bf6 21. Rac1 Qe7 22. Bxc4 dxc4 23. Qb2 Bxd4 24. Rxd4 Qg5 25. Qd2 f5 26. Rd6 Rce8 27. Re1 Rf6 28. Rxf6 gxf6 29. Rd1 Rd8 30. g3 1-0

[Event "St Petersburg vs Moscow"]
[Site "?"]
[Date "2005.06.14"]
[Round "1"]
[White "Grabuzova Tatiana"]
[Black "Malysheva Polina"]
[Result "1-0"]
[WhiteElo "2327"]
[BlackElo "2301"]
[PlyCount "89"]
[EventDate "2005.??.??"]
[Source "www.chesslib.no"]
[SourceDate "2004.05.04"]

1. b3 c5 2. Bb2 Nc6 3. e3 e5 4. Bb5 d6 5. Ne2 Nf6 6. O-O Be7 7. f4 e4 8. Ng3 O-O 9. Nc3 d5 10. Nh5 Be6 11. Na4 Nxh5 12. Qxh5 f5 13. Bxc6 bxc6 14. Ba3 c4 15. Bc5 Bxc5 16. Nxc5 Qd6 17. b4 a5 18. a3 axb4 19. axb4 d4 20. Nxe6 Qxe6 21. exd4 Rxa1 22. Rxa1 Qd6 23. c3 Qxf4 24. Qe2 Kh8 25. Rf1 Qg5 26. Qxe4 Qxd2 27. Qe1 Qc2 28. Rf2 Qd3 29. Rf3 Qc2 30. Rf2 Qd3 31. Rf3 Qc2 32. Qf1 g6 33. Qxc4 Qe4 34. Qd3 Qd5 35. Qe2 Ra8 36. Qe5+ Qxe5 37. dxe5 Ra2 38. Rd3 Rc2 39. h4 Kg7 40. Kh2 Kf7 41. Kg3 Re2 42. Rd7+ Kf8 43. Rc7 Re3+ 44. Kf4 Rxc3 45. Kg5 1-0

[Event "EU-ch U18"]
[Site "Mureck"]
[Date "1998.??.??"]
[Round "3"]
[White "Sandhu, Mario"]
[Black "Halkias, Stelios"]
[Result "0-1"]
[WhiteElo "2190"]
[BlackElo "2435"]
[PlyCount "66"]
[EventDate "1998.07.08"]
[Source "ChessBase"]
[SourceDate "1998.09.09"]

1. b3 c5 2. e3 d5 3. Bb2 a6 4. Nf3 Nc6 5. c4 d4 6. exd4 cxd4 7. Qe2 Bf5 8. Nh4 Bd7 9. f4 g6 10. d3 Bg7 11. g3 Nh6 12. Na3 O-O 13. Bg2 e5 14. fxe5 Nxe5 15. O-O Re8 16. Qd2 Nhg4 17. Nc2 Bh6 18. Qd1 Be3+ 19. Kh1 Bc6 20. Bxc6 bxc6 21. Nf3 c5 22. Nxe5 Nxe5 23. Bc1 Qg5 24. Ne1 Ng4 25. Nf3 Qh5 26. Qc2 Kg7 27. a3 Bxc1 28. Qxc1 Re2 29. h4 Ne3 30. Ng5 h6 31. Ne4 Qg4 32. Rf2 Rxf2 33. Nxf2 Qf3+ 0-1

[Event "Sarajevo"]
[Site "Sarajevo BIH"]
[Date "1981.??.??"]
[Round "14"]
[White "Arapovic, Vitomir"]
[Black "Drasko, Milan"]
[Result "0-1"]
[WhiteElo "2380"]
[BlackElo "2240"]
[PlyCount "83"]
[EventDate "1981.??.??"]
[Source "www.chesslib.no"]
[SourceDate "2004.05.04"]

1. b3 c5 2. Bb2 b6 3. f4 Bb7 4. e3 Nf6 5. Nf3 g6 6. Be2 Bg7 7. O-O O-O 8. Qe1 e6 9. d3 Nd5 10. Bxg7 Kxg7 11. Qf2 d6 12. Nbd2 Nd7 13. c4 Nc3 14. Ng5 Nxe2+ 15. Qxe2 Qe7 16. e4 Rfe8 17. Rae1 Rad8 18. Qg4 f6 19. Nh3 Qf7 20. Qh4 Kh8 21. e5 dxe5 22. fxe5 f5 23. Ne4 Bxe4 24. dxe4 Qe7 25. Ng5 Nf8 26. exf5 exf5 27. e6 Rd4 28. Qg3 Kg8 29. h4 Qd6 30. Qc3 Nxe6 31. Nf3 Re4 32. Qf6 Rf8 33. Qb2 Nd4 34. h5 Rfe8 35. Nxd4 Rxe1 36. Nf3 Rxf1+ 37. Kxf1 Re4 38. h6 Re7 39. Kf2 Qe6 40. Qd2 Rd7 41. Qf4 Qd6 42. Qc1 0-1

[Event "Bad Ragaz Open"]
[Site "Bad Ragaz SUI"]
[Date "1990.??.??"]
[Round "3"]
[White "Aschwanden, Franz Beat"]
[Black "Klundt, Klaus"]
[Result "0-1"]
[WhiteElo "2205"]
[BlackElo "2415"]
[PlyCount "92"]
[EventDate "1990.??.??"]
[Source "www.chesslib.no"]
[SourceDate "2004.05.04"]

1. b3 c5 2. Bb2 Nc6 3. e3 e6 4. f4 Nf6 5. Nf3 Be7 6. Be2 b6 7. O-O Bb7 8. Ne5 O-O 9. Bf3 Rc8 10. d3 d5 11. Nd2 Nxe5 12. fxe5 Nd7 13. Bg4 Qc7 14. Nf3 d4 15. exd4 cxd4 16. Nxd4 Bc5 17. c3 Nxe5 18. Be2 Rfd8 19. Kh1 Bxd4 20. cxd4 Ng6 21. Bf3 Nh4 22. Rc1 Bxf3 23. Rxf3 Qb7 24. Rf2 Rxc1 25. Qxc1 Rc8 26. Rc2 Rxc2 27. Qxc2 h6 28. Kg1 Qd5 29. Qe2 f5 30. Qf2 g5 31. Bc1 Qc6 32. Be3 Kf7 33. Kf1 Qc3 34. Qd2 Qa1+ 35. Qc1 Qxa2 36. Bf2 Qxb3 37. Bxh4 Qxd3+ 38. Ke1 Qe4+ 39. Kf1 Qxh4 40. Qc7+ Kg6 41. Qd8 Qf4+ 42. Kg1 Qe3+ 43. Kf1 f4 44. Qg8+ Kh5 45. Qf7+ Kh4 46. Qg7 h5 0-1

[Event "Barbera op"]
[Site "?"]
[Date "2000.??.??"]
[Round "9"]
[White "Baron Isanta Jose Maria"]
[Black "Ayas Fernandez Antonio"]
[Result "1-0"]
[WhiteElo "2384"]
[BlackElo "2233"]
[PlyCount "37"]
[EventDate "2000.??.??"]
[Source "www.chesslib.no"]
[SourceDate "2004.05.04"]

1. b3 c5 2. Bb2 b6 3. e3 Bb7 4. f4 e6 5. Nf3 Nf6 6. Bd3 Be7 7. O-O O-O 8. Nc3 d5 9. Ne5 Nc6 10. Rf3 Nb4 11. Rh3 Nxd3 12. cxd3 d4 13. Ne2 dxe3 14. dxe3 Nd7 15. Nxd7 Qxd7 16. Ng3 g6 17. Nf5 f6 18. Nh6+ Kg7 19. e4 1-0

[Event "Zagreb op"]
[Site "?"]
[Date "1999.??.??"]
[Round "7"]
[White "Lovric Branko"]
[Black "Zecevic Dean"]
[Result "1/2-1/2"]
[WhiteElo "2316"]
[BlackElo "2295"]
[PlyCount "108"]
[EventDate "1999.??.??"]
[Source "www.chesslib.no"]
[SourceDate "2004.05.04"]

1. b3 c5 2. Bb2 Nc6 3. f4 d5 4. e3 e6 5. Nf3 f6 6. c4 Bd6 7. Nc3 Nge7 8. g3 O-O 9. Bg2 Bd7 10. O-O Be8 11. Nh4 Bf7 12. Qe2 a6 13. f5 Be5 14. fxe6 Bxe6 15. cxd5 Nxd5 16. Be4 Nxc3 17. dxc3 Qe8 18. Nf3 Qh5 19. Nd4 Qxe2 20. Nxe2 Rfd8 21. Rfd1 g5 22. Kf2 Rxd1 23. Rxd1 Rd8 24. Rxd8+ Nxd8 25. Ba3 b6 26. c4 Nf7 27. Bc1 Nd6 28. Bc2 h6 29. Bd2 Kf7 30. Nc3 Bxc3 31. Bxc3 Bf5 32. Bxf5 Nxf5 33. Kf3 h5 34. h3 Ke6 35. e4 Nd6 36. Bb2 Nf7 37. Ke3 f5 38. exf5+ Kxf5 39. Kf3 g4+ 40. hxg4+ hxg4+ 41. Ke3 Nd6 42. Bc3 b5 43. cxb5 axb5 44. Kd3 b4 45. Bd2 Nf7 46. Kc4 Nd6+ 47. Kd5 Ne4 48. Be1 Nc3+ 49. Kxc5 Nxa2 50. Kd4 Nc1 51. Kc4 Ke4 52. Bxb4 Kf3 53. Bd6 Ne2 54. b4 Nxg3 1/2-1/2

[Event "SWE Ch"]
[Site "Skelleftea SWE"]
[Date "1972.??.??"]
[Round "14"]
[White "Brostrom, Goran"]
[Black "Eslon, Jaan"]
[Result "0-1"]
[WhiteElo "2410"]
[BlackElo "2200"]
[PlyCount "66"]
[EventDate "1972.07.??"]
[Source "www.chesslib.no"]
[SourceDate "2004.05.04"]

1. b3 c5 2. Bb2 d5 3. e3 Nf6 4. Bb5+ Bd7 5. Bxd7+ Qxd7 6. Nf3 Nc6 7. Ne5 Nxe5 8. Bxe5 e6 9. O-O Be7 10. d3 O-O 11. Nd2 b5 12. f4 Qc6 13. Rf3 Nd7 14. Rg3 Nxe5 15. fxe5 f5 16. Qh5 Rf7 17. Nf3 Raf8 18. Rh3 g6 19. Qh6 Rg7 20. Rg3 d4 21. h4 dxe3 22. Qf4 c4 23. bxc4 bxc4 24. d4 c3 25. Re1 Qa4 26. Re2 Qxa2 27. Ne1 a5 28. Rexe3 a4 29. Nf3 a3 30. h5 Qb1+ 31. Re1 a2 32. hxg6 hxg6 33. Qh6 a1=Q 0-1

[Event "FRA-chB"]
[Site "?"]
[Date "1998.??.??"]
[Round "10"]
[White "Seret Jean Luc"]
[Black "Blanvillain Philippe"]
[Result "1-0"]
[WhiteElo "2375"]
[BlackElo "2235"]
[PlyCount "31"]
[EventDate "1998.??.??"]
[Source "www.chesslib.no"]
[SourceDate "2004.05.04"]

1. b3 c5 2. Bb2 Nc6 3. e3 e6 4. Nf3 Nf6 5. Bb5 Be7 6. O-O O-O 7. d4 a6 8. Bxc6 bxc6 9. dxc5 Bxc5 10. Nbd2 d5 11. c4 Bb7 12. Qc2 Rc8 13. Ng5 g6 14. Qc3 Be7 15. Nde4 Kg7 16. Nxf6 1-0

[Event "JBLN Ost 9293"]
[Site "GER"]
[Date "1993.??.??"]
[Round "?"]
[White "Gaerths, Ronny"]
[Black "Hetey, Laszlo"]
[Result "0-1"]
[WhiteElo "2325"]
[BlackElo "2285"]
[PlyCount "84"]
[EventDate "1992.??.??"]
[Source "www.chesslib.no"]
[SourceDate "2004.05.04"]

1. b3 c5 2. Bb2 Nc6 3. Nf3 e6 4. e3 Nf6 5. Bb5 Be7 6. O-O O-O 7. Bxc6 bxc6 8. d3 Rb8 9. Nbd2 d6 10. e4 e5 11. Re1 Ne8 12. Nc4 Nc7 13. Qd2 Bg4 14. Nfxe5 dxe5 15. Nxe5 Bd7 16. Qe3 f6 17. Nf3 Bg4 18. Nd2 Qd7 19. h3 Be6 20. Qg3 Nb5 21. Rac1 Nd4 22. c3 Nb5 23. Rcd1 Qc7 24. Qxc7 Nxc7 25. Nf3 Kf7 26. d4 c4 27. b4 a5 28. a3 Ra8 29. Ra1 Rfb8 30. Nd2 Bd6 31. Kf1 Nb5 32. Red1 axb4 33. axb4 Bxb4 34. cxb4 c3 35. Bxc3 Nxc3 36. Rxa8 Rxa8 37. Rc1 Ra3 38. f3 Ke7 39. Ke1 Kd7 40. Kf1 Na2 41. Ra1 Rd3 42. d5 Rxd2 0-1

[Event "BCSA Open"]
[Site "?"]
[Date "2003.07.18"]
[Round "2"]
[White "Azaladze Shota"]
[Black "Aroshidze Levan"]
[Result "1/2-1/2"]
[WhiteElo "2215"]
[BlackElo "2393"]
[PlyCount "56"]
[EventDate "2003.??.??"]
[Source "www.chesslib.no"]
[SourceDate "2004.05.04"]

1. b3 c5 2. Bb2 d5 3. e3 Nf6 4. Bb5+ Bd7 5. Bxd7+ Nbxd7 6. Nf3 e6 7. d3 Bd6 8. Nbd2 e5 9. e4 d4 10. a4 O-O 11. O-O b6 12. Nc4 Bc7 13. c3 a6 14. b4 b5 15. axb5 axb5 16. Ncd2 Qe7 17. bxc5 dxc3 18. Bxc3 Nxc5 19. Qb1 Rxa1 20. Bxa1 Rb8 21. Nb3 Nfd7 22. Rc1 Bd6 23. Nxc5 Nxc5 24. d4 exd4 25. e5 Bxe5 26. Re1 f6 27. Bxd4 Nd7 28. Nxe5 fxe5 1/2-1/2

[Event "Open 'Mediterraneo 2017'"]
[Site "Fiume CRO"]
[Date "2008.12.04"]
[Round "7.21"]
[White "Sale, Srdjan"]
[Black "Medancic, Rikard"]
[Result "1-0"]
[WhiteElo "2380"]
[BlackElo "2225"]
[PlyCount "120"]
[EventDate "2008.11.29"]
[Source "www.chesslib.no"]
[SourceDate "2004.05.04"]

1. b3 c5 2. e3 Nf6 3. Bb2 e6 4. f4 g6 5. Nf3 Bg7 6. Be2 O-O 7. O-O d6 8. c4 b6 9. Qe1 Bb7 10. d3 Ng4 11. Bxg7 Kxg7 12. Qd2 Qf6 13. Na3 a6 14. Ng5 Nh6 15. Ne4 Qe7 16. Qc3+ f6 17. g4 d5 18. Ng3 Nc6 19. Nc2 d4 20. exd4 cxd4 21. Qd2 f5 22. g5 Nf7 23. Bf3 e5 24. Qg2 Ncd8 25. Rae1 Bxf3 26. Qxf3 Ne6 27. h4 Rad8 28. fxe5 Rfe8 29. Re2 h6 30. gxh6+ Nxh6 31. h5 f4 32. Ne4 g5 33. Nf6 Rh8 34. Qe4 Qf7 35. Rg2 Kf8 36. Nb4 Ng8 37. Nbd5 Nxf6 38. Nxf6 Rxh5 39. Nxh5 Qxh5 40. Qf5+ Qf7 41. Rxg5 Qxf5 42. Rxf5+ Ke7 43. R1xf4 Nxf4 44. Rxf4 b5 45. Rf6 bxc4 46. bxc4 Ra8 47. Rd6 a5 48. a4 Rb8 49. Kf2 Rb4 50. Kf3 Rxa4 51. Ke4 Ra1 52. Kxd4 a4 53. Ra6 a3 54. Kd5 a2 55. d4 Kd7 56. Ra7+ Kc8 57. e6 Kb8 58. Ra3 Kb7 59. c5 Kb8 60. e7 Re1 1-0